000 01233nac a22002891u 4500
010 _a 2003102759
020 _a1855349035
020 _a1855349035
082 0 0 _a823.8
_bDOY
090 _c6862
_d6862
100 _aDoyle, Arthur Conan,
245 1 4 _aThe complete Sherlock Holmes /
_cSir Arthur Conan Doyle
260 _aNew York :
_bBarnes & Noble Classics,[2003]
_c[2003]
300 _a1 v. ;
_c21 cm.
440 0 _aBarnes & Noble classics
500 _adistributer: Al-Ahram
504 _aIncludes bibliographical references.
511 _acatalogued by: wessam
650 0 _aHolmes, Sherlock (Fictitious character)
_vFiction.
650 0 _aPrivate investigators
_zEngland
_vFiction.
650 0 _aDetective and mystery stories, English.
856 4 2 _3Publisher description
_uhttp://www.loc.gov/catdir/description/ste051/2003102759.html
856 4 2 _3Contributor biographical information
_uhttp://www.loc.gov/catdir/enhancements/fy0711/2003102759-b.html
856 4 2 _3Sample text
_uhttp://www.loc.gov/catdir/enhancements/fy0711/2003102759-s.html
942 _cBB
_k823.8DOY
999 _c6862
_d6862